AMAZON.COM的秘密 (Record no. 29331)

000 -LEADER
fixed length control field 00521nam a22001937a 4500
003 - CONTROL NUMBER IDENTIFIER
control field MPLRDC
005 - DATE AND TIME OF LATEST TRANSACTION
control field 20220104125702.0
008 - FIXED-LENGTH DATA ELEMENTS--GENERAL INFORMATION
fixed length control field 210129b ||||| |||| 00| 0 eng d
020 ## - INTERNATIONAL STANDARD BOOK NUMBER
International Standard Book Number 978-986-241-541-2
082 ## - DEWEY DECIMAL CLASSIFICATION NUMBER
Classification number 487.6 BRA
100 ## - MAIN ENTRY--PERSONAL NAME
Personal name RICHARD L. BRANDT
245 ## - TITLE STATEMENT
Title AMAZON.COM的秘密
Statement of responsibility, etc. 阎纪宇 译
250 ## - EDITION STATEMENT
Edition statement 一版二刷
260 ## - PUBLICATION, DISTRIBUTION, ETC.
Place of publication, distribution, etc. 台湾
Name of publisher, distributor, etc. 天下杂志股份有限公司
Date of publication, distribution, etc. 2012
300 ## - PHYSICAL DESCRIPTION
Other physical details 254
490 ## - SERIES STATEMENT
Series statement 天下财经系列: 220
650 ## - SUBJECT ADDED ENTRY--TOPICAL TERM
Topical term or geographic name entry element 亚马逊网路书店
942 ## - ADDED ENTRY ELEMENTS (KOHA)
Koha item type Book
-- 487.6 BRA
Holdings
Withdrawn status Lost status Source of classification or shelving scheme Damaged status Not for loan Collection code Home library Current library Shelving location Date acquired Cost, normal purchase price Total Checkouts Full call number Barcode Date last seen Date last checked out Price effective from Koha item type Public note
            Malaysian Public Library, Research and Development Centre Malaysian Public Library, Research and Development Centre   10/12/2007 45.80   487.6 BRA 00029405 17/03/2021 26/08/2018 17/03/2021 Book mplrdc

© 2022. Malaysian Public Library, Research and Development Centre. All Right ReservedE-mailmplrdc@help.edu.my 

Powered by Koha